banner koha

A política externa brasileira e a reforma agrária, de 1979 a 2006 (Registro n. 299140)

MARC details
000 -LÍDER
Campo de controle fixo 00922nam a22003257a 4500
001 - NÚMERO DE CONTROLE
Número de controle BR2024000552
003 - CÓDIGO MARC DA AGÊNCIA CATALOGADORA
Campo de controle BR-BrBNA
005 - DATA E HORA DA ÚLTIMA ATUALIZAÇÃO
Campo de controle 20240411144942.0
008 - CAMPO DE TAMANHO FIXO
Campo fixo de controle 240411b bl.||||| |||| 00| 0 por d
040 ## - FONTE DA CATALOGAÇÃO
Agência catalogadora BR-BrBNA
Idioma da catalogação por
041 ## - CÓDIGO DO IDIOMA
Código do Idioma por
072 ## - CATEGORIA AGRIS
Código da categoria de assunto/objeto <a href="E11 ; E50 ; B50">E11 ; E50 ; B50</a>
090 ## - NÚMERO DE CHAMADA
Localização na estante E11 BR2024000552
100 0# - ENTRADA PRINCIPAL - NOME PESSOAL
Nome pessoal Rondó Filho, Milton
110 ## - ENTRADA PRINCIPAL - ENTIDADE
Nome da entidade ou lugar Instituto Rio Branco, Brasília, DF (Brasil)
245 ## - TÍTULO PRINCIPAL
Título principal A política externa brasileira e a reforma agrária, de 1979 a 2006
260 ## - IMPRENTA (PUBLICAÇÃO, DISTRIBUIÇÃO, ETC.)
Lugar de publicação, distribuição, etc. Brasília, DF (Brasil)
Data de publicação, distribuição, etc 2009
300 ## - DESCRIÇÃO FÍSICA
Extensão 295 p.
500 ## - NOTA GERAL
Notas gerais Includes several bibliographies
650 ## - ASSUNTO - THESAGRO
Cabeçalho tópico ou nome geográfico POLÍTICA NACIONAL
650 ## - ASSUNTO - THESAGRO
Cabeçalho tópico ou nome geográfico REPRESENTAÇÃO DIPLOMÁTICA
650 ## - ASSUNTO - THESAGRO
Cabeçalho tópico ou nome geográfico REFORMA AGRÁRIA
650 ## - ASSUNTO - THESAGRO
Cabeçalho tópico ou nome geográfico SEGURANÇA ALIMENTAR
650 ## - ASSUNTO - THESAGRO
Cabeçalho tópico ou nome geográfico HISTÓRIA
650 ## - ASSUNTO - THESAGRO
Cabeçalho tópico ou nome geográfico MOVIMENTO SOCIAL
650 ## - ASSUNTO - THESAGRO
Cabeçalho tópico ou nome geográfico SOCIOLOGIA RURAL
650 ## - ASSUNTO - THESAGRO
Cabeçalho tópico ou nome geográfico LEGISLAÇÃO
909 ## - IDENTIFICAÇÃO DO CATALOGADOR
Ano e mês da catalogação (aaaamm) 202404
Identificação do catalogador Fernando
942 ## - TIPO ESPECÍFICO
Tipo de material Livros
952 ## - LOCATION AND ITEM INFORMATION (KOHA)
-- 2024-04-11
Exemplares
Status de empréstimo Fonte de classificação Status de danificação Não pode ser emprestado Código da coleção Localização permanente Localização atual Localização na estante Total Checkouts Número de chamada Código de barras Tipo de material
  Classificação AGRIS     Agrobase Biblioteca Nacional de Agricultura - Binagri Biblioteca Nacional de Agricultura - Binagri Agrobase - Acervo Geral   E11 BR2024000552 2024-7941 Livros

BINAGRI

Telefone: (61)3218-2567/2388/3357/2097 - binagri@agro.gov.br

Ministério da Agricultura e Pecuária , Esplanada dos Ministérios, Bloco D, Anexo B, Brasília/DF, CEP: 70.043-900